| 000 | 00789nam a2200229 a 4500 | ||
|---|---|---|---|
| 001 | 0976 | ||
| 005 | 20140414132144.0 | ||
| 008 | 041008s19uu xx 00 eng d | ||
| 020 | _a0-590-76962-6 | ||
| 050 |
_aKIT (SER) 535.6 _bC16 1998 |
||
| 100 | _aCanizares, Susan | ||
| 245 |
_aRainforest colors / _cSusan Canizares, Betsey Chessen. |
||
| 260 |
_aNew York : _bScholastic, _c1998. |
||
| 300 | _av. p. : ill. ; cm. | ||
| 440 | _aScience emergent readers | ||
| 500 | _a"Scholastic early childhood"--Includes index | ||
| 520 | _aPhotographs and simple text explore the unusual colors of birds, plants, and frogs in the Amazon rainforest. | ||
| 650 |
_aColor _xJuvenile literature. |
||
| 650 |
_aRain forest ecology _xJuvenile literature. |
||
| 999 |
_c115401 _d115401 |
||